<?xml version="1.0" encoding="UTF-8"?>
<collection xmlns="http://www.loc.gov/MARC21/slim">
    <record>
        <controlfield tag="001">64461</controlfield>
        <controlfield tag="005">20191105115800.0</controlfield>
        <datafield tag="024" ind1="7" ind2=" ">
            <subfield code="2">doi</subfield>
            <subfield code="a">10.1344/reire2018.11.118984</subfield>
        </datafield>
        <datafield tag="024" ind1="8" ind2=" ">
            <subfield code="2">sideral</subfield>
            <subfield code="a">101454</subfield>
        </datafield>
        <datafield tag="037" ind1=" " ind2=" ">
            <subfield code="a">ART-2018-101454</subfield>
        </datafield>
        <datafield tag="041" ind1=" " ind2=" ">
            <subfield code="a">spa</subfield>
        </datafield>
        <datafield tag="100" ind1=" " ind2=" ">
            <subfield code="0">(orcid)0000-0003-4530-9645</subfield>
            <subfield code="a">Iñiguez Berrozpe, Tatiana</subfield>
            <subfield code="u">Universidad de Zaragoza</subfield>
        </datafield>
        <datafield tag="245" ind1=" " ind2=" ">
            <subfield code="a">Modelos lineales multinivel en SPSS y su aplicación en investigación educativa</subfield>
        </datafield>
        <datafield tag="260" ind1=" " ind2=" ">
            <subfield code="c">2018</subfield>
        </datafield>
        <datafield tag="506" ind1="0" ind2=" ">
            <subfield code="a">Access copy available to the general public</subfield>
            <subfield code="f">Unrestricted</subfield>
        </datafield>
        <datafield tag="520" ind1="3" ind2=" ">
            <subfield code="a">En el presente artículo abordamos el análisis de datos que se encuentran agrupados o anidados en unidades más amplias, como ocurre en muchas ocasiones en el ámbito educativo. Para ello, mediante la base de datos que
proporciona la prueba PISA (OCDE), donde el alumnado (nivel 1) se agrupa en centros (nivel 2), se ejemplifica el análisis que más se adecúa a este tipo de datos estructurados siguiendo una jerarquía, los modelos lineales
multinivel (MLM). A través del programa SPSS se lleva a cabo el MLM que permite, teniendo en cuenta dichos agrupamientos, analizar la influencia de las variables independientes de nivel 1 (personales y familiares) y las de
nivel 2 (todas las relacionadas con el centro) en los resultados relacionados con el rendimiento del alumnado en la Prueba PISA 2015 (variable dependiente). En el ejemplo presentado, se demuestra no solo que las variables
tanto de nivel 1 como de 2 tenían un efecto relevante en el resultado del alumnado, sino también que el análisis mediante el MLM permite tener en cuenta los efectos inter-niveles, en este caso el agrupamiento en centros, en el
resultado.</subfield>
        </datafield>
        <datafield tag="540" ind1=" " ind2=" ">
            <subfield code="9">info:eu-repo/semantics/openAccess</subfield>
            <subfield code="a">by</subfield>
            <subfield code="u">http://creativecommons.org/licenses/by/3.0/es/</subfield>
        </datafield>
        <datafield tag="655" ind1=" " ind2="4">
            <subfield code="a">info:eu-repo/semantics/article</subfield>
            <subfield code="v">info:eu-repo/semantics/publishedVersion</subfield>
        </datafield>
        <datafield tag="700" ind1=" " ind2=" ">
            <subfield code="0">(orcid)0000-0003-3273-5311</subfield>
            <subfield code="a">Marcaletti, Francesco</subfield>
        </datafield>
        <datafield tag="710" ind1="2" ind2=" ">
            <subfield code="1">4009</subfield>
            <subfield code="2">775</subfield>
            <subfield code="a">Universidad de Zaragoza</subfield>
            <subfield code="b">Dpto. Psicología y Sociología</subfield>
            <subfield code="c">Área Sociología</subfield>
        </datafield>
        <datafield tag="773" ind1=" " ind2=" ">
            <subfield code="g">11, 1 (2018), 26-40</subfield>
            <subfield code="p">Rev. innov. recer. educ.</subfield>
            <subfield code="t">Revista d'innovació i recerca en educació</subfield>
            <subfield code="x">2013-2255</subfield>
        </datafield>
        <datafield tag="856" ind1="4" ind2=" ">
            <subfield code="s">1291734</subfield>
            <subfield code="u">http://zaguan.unizar.es/record/64461/files/texto_completo.pdf</subfield>
            <subfield code="y">Versión publicada</subfield>
        </datafield>
        <datafield tag="856" ind1="4" ind2=" ">
            <subfield code="s">80596</subfield>
            <subfield code="u">http://zaguan.unizar.es/record/64461/files/texto_completo.jpg?subformat=icon</subfield>
            <subfield code="x">icon</subfield>
            <subfield code="y">Versión publicada</subfield>
        </datafield>
        <datafield tag="909" ind1="C" ind2="O">
            <subfield code="o">oai:zaguan.unizar.es:64461</subfield>
            <subfield code="p">articulos</subfield>
            <subfield code="p">driver</subfield>
        </datafield>
        <datafield tag="951" ind1=" " ind2=" ">
            <subfield code="a">2019-11-05-11:50:11</subfield>
        </datafield>
        <datafield tag="980" ind1=" " ind2=" ">
            <subfield code="a">ARTICLE</subfield>
        </datafield>
    </record>

    
</collection>